My joy.

A truck driver takes a wrong turn and finds himself lost in a bleak Russian underworld, struggling to survive amidst increasingly violent reminders of the country's dark history. The first fiction film by acclaimed documentarian Sergei Loznitsa, My Joy is a mischievous, ultra-nihilistic parable...

Full description

Bibliographic Details
Corporate Author: Kanopy (Firm)
Other Authors: Loznit︠s︡a, Sergeĭ, 1964- (Director)
Format: Video
Language:Russian
Published: [San Francisco, California, USA] : Kanopy Streaming, 2014.
Subjects:
Online Access:Connect to this streaming video

MARC

Tag First Indicator Second Indicator Subfields
LEADER 00000cgm a2200000 i 4500
001 in00003584331
006 m o c
007 vz uzazuu
007 cr una---unuuu
008 140717p20142010cau128 o vlrus d
005 20260324170605.4
028 5 2 |a 1114363  |b Kanopy 
035 |a (OCoLC)897773212 
035 |a (CaSfKAN)kan1114363 
040 |a UtOrBLW  |b eng  |e rda  |c UtOrBLW  |d UtOrBLW 
043 |a e-ur--- 
245 0 0 |a My joy. 
264 1 |a [San Francisco, California, USA] :  |b Kanopy Streaming,  |c 2014. 
300 |a 1 online resource (1 video file, approximately 128 min.) :  |b digital, .flv file, sound 
336 |a two-dimensional moving image  |b tdi  |2 rdacontent 
337 |a computer  |b c  |2 rdamedia 
338 |a online resource  |b cr  |2 rdacarrier 
344 |a digital 
347 |a video file  |b MPEG-4  |b Flash 
500 |a Title from title frames. 
518 |a Originally produced by Kino Lorber Edu in 2010. 
520 |a A truck driver takes a wrong turn and finds himself lost in a bleak Russian underworld, struggling to survive amidst increasingly violent reminders of the country's dark history. The first fiction film by acclaimed documentarian Sergei Loznitsa, My Joy is a mischievous, ultra-nihilistic parable of post-Communist Russia, shot by master cinematographer Oleg Muto (The death of Mr. Lazarescu, 4 Months, 3 Weeks and 2 Days). 
538 |a Mode of access: World Wide Web. 
650 0 |a Criminals  |z Russia  |v Drama. 
650 0 |a Truck drivers  |z Russia  |v Drama. 
650 0 |a Violence  |z Russia  |v Drama. 
655 7 |a Internet videos.  |2 lcgft  |0 http://id.loc.gov/authorities/genreForms/gf2011026337 
655 7 |a Nonfiction films.  |2 lcgft  |0 http://id.loc.gov/authorities/genreForms/gf2011026423 
655 7 |a Feature films.  |2 lcgft  |0 http://id.loc.gov/authorities/genreForms/gf2011026247 
700 1 |a Loznit︠s︡a, Sergeĭ,  |d 1964-  |e director.  |0 http://id.loc.gov/authorities/names/no2006109238 
710 2 |a Kanopy (Firm)  |0 http://id.loc.gov/authorities/names/no2014091415 
856 4 0 |u http://proxy.library.tamu.edu/login?url=https://texasam.kanopystreaming.com/node/114364  |z Connect to this streaming video  |t 0 
999 f f |s 283f2480-06e0-3c3d-b19f-d36912124eaf  |i a72de567-f80f-38e2-a6d9-e3fb31e0015e  |t 0 
952 f f |a Texas A&M University  |b College Station  |c Electronic Resources  |s www_evans  |d Available Online  |t 0  |h No information provided 
998 f f |t 0  |l Available Online